000 00274nam a22001097a 4500
999 _c64905
_d64902
082 _a297.28 م ن ظ
100 _aمولانا منظور نعمانی
245 _aمعارف الحدیث جلد ششم
260 _aکراچی
_c۱۹۹۳
300 _a۳۳۲
942 _cBK